Statistics for Champions League All-Time Table 2020

Click here to take the quiz!

General Stats

  • This quiz has been taken 35 times
  • The average score is 41 of 98

Answer Stats

NTeamCountryTrophies% Correct
10AFC AjaxNetherlands4
100%
2Bayern MunichGermany6
100%
12ChelseaEngland1
100%
3FC BarcelonaSpain5
100%
7LiverpoolEngland6
100%
4Manchester UnitedEngland3
100%
1Real MadridSpain13
100%
6AC MilanItaly7
97%
11ArsenalEngland0
97%
8FC PortoPortugal2
97%
5JuventusItaly2
97%
19Paris Saint-GermainFrance0
97%
27AS RomaItaly0
94%
16Borussia DortmundGermany1
94%
20CelticScotland1
94%
13Inter MilanItaly3
94%
9SL BenficaPortugal2
94%
14Atletico MadridSpain0
90%
17Olimpique LyonFrance0
87%
30Olympique MarseilleFrance1
87%
18PSV EindhovenNetherlands1
87%
29Manchester CityEngland0
81%
25RangersScotland0
81%
24GalatasarayTurkey0
71%
23OlympiacosGreece0
71%
22ValenciaSpain0
71%
21RSC AnderlechtBelgium0
68%
55SSC NapoliItaly0
68%
15Dinamo KievUkraine0
65%
32AS MonacoFrance0
58%
37FeyenoordNetherlands1
58%
91Aston VillaEngland0
55%
38FC SchalkeGermany0
55%
60LazioItaly0
55%
49SevillaSpain0
55%
26Red Star BelgradeSerbia1
52%
35Shakhtar DonetskUkraine0
45%
31Bayer LeverkusenGermany0
42%
42Club BruggeBelgium0
42%
78Dynamo DresdenGermany0
42%
66HamburgGermany1
42%
90LilleFrance0
42%
79Nottingham ForestEngland2
42%
62ACF FiorentinaItaly0
39%
70BFC DynamoGermany0
39%
43CSKA MoscowRussia0
39%
44Deportivo La CorunaSpain0
39%
61Leeds UnitedEngland0
39%
68MalmoSweden0
35%
46Werder BremenGermany0
35%
75AEK AthensGreece0
32%
58Borussia MonchengladbachGermany0
32%
59FenerbahceTurkey0
32%
50Girondins BordeauxFrance0
32%
39FC BaselSwitzerland0
29%
65Saint-EtienneFrance0
29%
33Spartak MoscowRussia0
29%
89VfB StuttgartGermany0
29%
52Standard LiegeBelgium0
26%
96VfL WolfsburgGermany0
26%
93VillarrealSpain0
26%
64BesiktasTurkey0
23%
86RB LeipzigGermany0
23%
57Zenit St. PetersburgRussia0
23%
74Partizan BelgradeSerbia0
19%
88Athletic BilbaoSpain0
16%
69FC NantesFrance0
16%
95Dinamo ZagrebCroatia0
13%
53Rapid WienAustria0
13%
34Sparta PrahaCzech Republic0
13%
51Austria WienAustria0
6%
72Legia WarsawPoland0
6%
85Lokomotiv MoscowRussia0
6%
45RosenborgNorway0
6%
36CSKA SofiaBelgarde0
3%
56Dinamo BucurestiRomania0
3%
82GrasshopperSwitzerland0
3%
71Hajduk SplitCroatia0
3%
40IFK GotenborgSweden0
3%
48Sporting CPPortugal0
3%
76Stade ReimsFrance0
3%
97TrabzonsporTurkey0
3%
92BSC Young BoysSwitzerland0
0%
87Budapest HonvedHungary0
0%
77Budapesti VasasHungary0
0%
84FC KobenhavnDenmark0
0%
94FC KolnGermany0
0%
80FC ZurichSwitzerland0
0%
81FerenvarosiHungary0
0%
54FK PribramCzech Republic0
0%
63Gornik ZabrzePoland0
0%
98Linfield FC
0%
83Omonia NikosiaCyprus0
0%
28PanathianaikosGreece0
0%
73Spartak TrnavaSlovakia0
0%
41Steaua BucherestiRomania1
0%
47Tottenham HostpurEngland0
0%
67UjpestHungary0
0%

Score Distribution

Percentile by Number Answered

Percent of People with Each Score

Your Score History

You have not taken this quiz